Drapeaux des départements français n°6 (Métropole + DROM COM) - Statistiques

Statistiques générales
  • Ce quiz a été pris 31 fois
  • Le résultat moyen est 7 sur 17
Statistiques - réponses
Par images Réponse % Correct
La Réunion
86%
Guyane
71%
Ille-et-Vilaine
67%
Paris
57%
Tarn
52%
Saint-Pierre-et-Miquelon
48%
Alpes-Maritimes
43%
Calvados
38%
Mayenne
38%
Dordogne
33%
Lot-et-Garonne
33%
Oise
29%
Essonne
24%
Haute-Loire
24%
Maine-et-Loire
24%
Pas-de-Calais
24%
Val-d'Oise
14%
Aucun quiz correspondant
Distribution des résultats
% des personnes avec chaque résultat
Percentile par nombre de réponses
Votre historique - résultats
Vous n’avez pas pris ce quiz